Language Quiz

Random Language or French Quiz

French: Unit 03 Possessive Adjectives Quiz Stats

Quiz not verified by Sporcle

Also try: Chain Link Phrases
Challenge
Share
Tweet
Embed
Score 0/20 Timer 10:00
0 Plays Today
% Correct
these forms are also used to possess feminine nouns that begin with a vowel
100%
these forms are only used to possess feminine nouns that begin with a consonant
99.7%
mon
95.5%
ton
91.7%
son
88.8%
notre
87.2%
ma
86.9%
ta
85.9%
sa
85.6%
votre
85.3%
% Correct
leur
85.3%
mes
84.7%
notre
83.7%
tes
83.7%
ses
83.1%
votre
82.7%
leur
82.4%
nos
81.2%
leurs
80.8%
vos
80.5%

You're not logged in!

Compare scores with friends on all Sporcle quizzes.
Sign Up with Email
OR
Log In

You Might Also Like...

Show Comments

Extras

Top Quizzes Today


Score Distribution

Your Account Isn't Verified!

In order to create a playlist on Sporcle, you need to verify the email address you used during registration. Go to your Sporcle Settings to finish the process.